| 000 | 01127cam a2200349Ka 4500 | ||
|---|---|---|---|
| 001 | 90162 | ||
| 005 | 20230410120855.0 | ||
| 006 | m d | ||
| 007 | cr bn||||||abp | ||
| 007 | cr bn||||||ada | ||
| 008 | 100420s2006 cu sb 000 0 spa d | ||
| 035 | _a(OCoLC)ocn608388677 | ||
| 040 |
_aOCLCE _beng _cOCLCE |
||
| 020 | _z9590608213 (pbk.) | ||
| 020 | _z9789590608216 (pbk.) | ||
| 035 | _a(OCoLC)608388677 | ||
| 050 | 1 | 4 |
_aJA 71 _bP769 2006 |
| 245 | 0 | 3 |
_aLa politica : _bmiradas cruzadas / _cEmilio Duharte (compilador). |
| 260 |
_aLa Habana : _bEditorial de Ciencias Sociales, _c2006. |
||
| 300 |
_a179 p. ; _c19 cm. |
||
| 440 | 0 | _aPolitica | |
| 504 | _aIncludes bibliographical references. | ||
| 500 | _aContent provider-neutral record in process. | ||
| 500 | _aDescription based on print version record. | ||
| 650 | 0 | _aPolitical science. | |
| 700 | 1 | _aDuharte Díaz, Emilio A. | |
| 830 | 0 | _aEdiciones politicas (Havana, Cuba) | |
| 856 | 4 | 0 |
_3HathiTrust Digital Library _uhttp://catalog.hathitrust.org/api/volumes/oclc/166346132.html |
| 942 |
_2lcc _cbk |
||
| 994 |
_aC0 _bDRFGD |
||
| 946 | _aMF | ||
| 999 |
_c53533 _d53533 |
||